Estaciones de esquí en España - Estadísticas

Estadísticas generales
  • Esta prueba ha sido intentada 47 veces
  • La puntuación promedio es 12 de 30
Estadísticas de respuestas
Respuesta % Correcto
Sierra Nevada
85%
Baqueira Beret
73%
Formigal
65%
Astún
63%
Candanchú
63%
La Molina
58%
Masella
58%
Cerler
55%
Puerto de Navacerrada
53%
Panticosa
45%
Valdesquí
45%
Boí Taüll
40%
San Isidro
35%
Espot
33%
Valdelinares
33%
Vallter
33%
Javalambre
30%
Port del Comte
30%
Valgrande-Pajares
30%
Alto Campoo
28%
Manzaneda
28%
Port Aine
28%
Sierra de Bejar
28%
Valdezcaray
28%
Vall de Nuria
28%
Valle Laciana-Leitariegos
28%
Fuentes de Invierno
25%
La Pinilla
23%
Tavascán
18%
Punto de Nieve Santa Inés
13%
No se encontraron pruebas coincidentes
Distribución de puntuación
Porcentaje de gente con cada puntuación
Porcentaje por número respondido
Historial de tus puntuaciones
No has intentado esta prueba.